| 000 | 00485nam a2200181Ia 4500 | ||
|---|---|---|---|
| 003 | LK-CoDNM | ||
| 008 | 010623t2001 xxu||||| |||| 00| 1 sin d | ||
| 040 |
_aLK-CoDNM _dLK-CoDNM _eLK-CoDNM |
||
| 041 | _asin | ||
| 080 | _a929 MUT | ||
| 100 | _aMuthumala, Chaminda Kumara | ||
| 245 | _aශ්රේෂ්ඨ විද්යාඥයෝ | ||
| 246 | _aShreshta viddyagnayo | ||
| 260 |
_bS.Godage _aColombo _c2001 |
||
| 300 | _b60, 21.5 cm | ||
| 650 | _aBiography | ||
| 942 | _cBK | ||
| 999 |
_c121509 _d121509 |
||